Miejscowości na trasie linii 201 PKS Słupsk. - Statystyki

Ogólne statystyki
  • Ten quiz został rozwiązany 7 razy
  • Średni wynik to 10 z 14
Statystyki odpowiedzi
Miejscowość % Poprawnych
1. Słupsk
100%
4. Bydlino
80%
8. Machowinko
80%
5. Machowino
80%
11. Objazda
80%
14. Rowy
80%
2. Włynkówko
80%
3. Włynkowo
80%
10. Bałamątek
60%
12. Bałamątek
60%
13. Dębina
60%
9.{Wybrane kursy w wakacje} Poddąbie
60%
6. Redwanki
60%
7. Wytowno
40%
Nie znaleziono quizów pasujących do podanych kryteriów
Rozkład punktacji
Procent ludzi z każdym wynikiem
Percentyl według liczby udzielonych odpowiedzi
Twoja historia wyników
Nie rozwiązałeś tego quizu